| 000 | 00639nam a22002177a 4500 | ||
|---|---|---|---|
| 005 | 20170124110030.0 | ||
| 010 | _aA-725129 | ||
| 020 | _c50.00 | ||
| 035 | _aA-725129 | ||
| 037 | _bCen Lib/Ret | ||
| 040 |
_aDPL _bEN |
||
| 082 |
_a461 _bNEM |
||
| 100 |
_aNemade, Bhalchandra _921469 |
||
| 245 |
_aMarathi for begininers : _cby Bhalchandra Nemade _ban intensive course in spoken marathi / |
||
| 260 |
_aAurangabad _bSaket prakashan _c1994 |
||
| 270 |
_aAurangabad _bAurangabad |
||
| 300 |
_a102p. _c21cm(Hb) |
||
| 650 |
_aLinguistics _9112699 |
||
| 650 |
_aTeaching languages _921471 |
||
| 942 |
_2ddc _cEN _h461 _mNEM |
||
| 999 |
_c127763 _d127763 |
||